<?xml version="1.0" encoding="UTF-8"?>
<collection xmlns="http://www.loc.gov/MARC21/slim">
    <record>
        <controlfield tag="001">65795</controlfield>
        <controlfield tag="005">20180223094311.0</controlfield>
        <datafield tag="037" ind1=" " ind2=" ">
            <subfield code="a">GDOC-2016-25837</subfield>
        </datafield>
        <datafield tag="041" ind1=" " ind2=" ">
            <subfield code="a">spa</subfield>
        </datafield>
        <datafield tag="100" ind1=" " ind2=" ">
            <subfield code="0">(orcid)0000-0002-5896-7375</subfield>
            <subfield code="1">148545</subfield>
            <subfield code="a">Gambau Rodríguez, Luis Alberto</subfield>
        </datafield>
        <datafield tag="245" ind1="0" ind2="0">
            <subfield code="9">25837</subfield>
            <subfield code="a">Comunicación multimedia</subfield>
        </datafield>
        <datafield tag="260" ind1=" " ind2=" ">
            <subfield code="a">Zaragoza</subfield>
            <subfield code="b">Universidad de Zaragoza</subfield>
            <subfield code="c">2016-2017</subfield>
        </datafield>
        <datafield tag="520" ind1=" " ind2=" ">
            <subfield code="a">Breve presentación de la asignatura

La asignatura está concebida para ofrecer una visión general de los productos multimedia digitales, y particularmente su diseño y elaboración.
Los principales objetivos serán aquellos aspectos que resultan especialmente relevantes en la mencionada tarea, como pueden ser la metodología de diseño, las fases de elaboración de un proyecto multimedia, los criterios de diseño, la valoración y evaluación de este tipo de productos y la utilización de herramientas para su desarrollo.
Debido a su gran transcendencia social, una parte importante de la asignatura se dedicará a presentar conceptos relacionados con Internet y sus tecnologías asociadas, en especial las relacionadas con el diseño y desarrollo de sitios web.
</subfield>
            <subfield code="b"> </subfield>
        </datafield>
        <datafield tag="521" ind1=" " ind2=" ">
            <subfield code="9">111</subfield>
            <subfield code="a">Ingeniería en Diseño Industrial y Desarrollo de Producto</subfield>
        </datafield>
        <datafield tag="540" ind1=" " ind2=" ">
            <subfield code="a">by-nc-sa</subfield>
            <subfield code="b">Creative Commons</subfield>
            <subfield code="c">3.0</subfield>
            <subfield code="u">http://creativecommons.org/licenses/by-nc-sa/3.0/</subfield>
        </datafield>
        <datafield tag="830" ind1=" " ind2=" ">
            <subfield code="9">271</subfield>
        </datafield>
        <datafield tag="856" ind1="4" ind2=" ">
            <subfield code="s">17803</subfield>
            <subfield code="u">http://zaguan.unizar.es/record/65795/files/guia-25837-es.pdf</subfield>
            <subfield code="y">Guía (idioma español)</subfield>
        </datafield>
        <datafield tag="856" ind1="4" ind2=" ">
            <subfield code="s">9723</subfield>
            <subfield code="u">http://zaguan.unizar.es/record/65795/files/guia-25837-en.pdf</subfield>
            <subfield code="y">Guide (english)</subfield>
        </datafield>
        <datafield tag="970" ind1=" " ind2=" ">
            <subfield code="a">GDOC-2016-25837</subfield>
        </datafield>
        <datafield tag="980" ind1=" " ind2=" ">
            <subfield code="a">GDOC</subfield>
            <subfield code="b">Ingeniería y arquitectura</subfield>
            <subfield code="c">110</subfield>
        </datafield>
    </record>

    
</collection>